[Event "Titled Tuesday intern op 26th Dec Late"]
[Site "Chess.com INT"]
[Date "2023.12.26"]
[Round "7"]
[White "Esmeraldas Huachi, Anderson Yahir"]
[Black "Mohammad, Fahim"]
[Result "1/2-1/2"]
[WhiteElo "2120"]
[BlackElo "2190"]
[PlyCount "156"]
[EventDate "2023.12.26"]
[EventType "swiss (blitz)"]
[EventRounds "11"]
[EventCountry "USA"]
[SourceTitle "EXT 2025"]
[Source "ChessBase"]
[SourceDate "2024.10.14"]
[SourceVersion "1"]
[SourceVersionDate "2024.10.14"]
[SourceQuality "1"]

1. b3 e5 2. Bb2 Nc6 3. e3 d6 4. Bb5 Nge7 5. f4 Bd7 6. fxe5 Nxe5 7. Bxd7+ Qxd7 8. Nf3 N7c6 9. 0-0 0-0-0 10. Nc3 h5 11. Qe1 f6 12. a4 g5 13. Nd5 Bg7 14. Nd4 Nxd4 15. exd4 Ng4 16. h3 Rde8 17. Qd1 Qe6 18. Qf3 Nh6 19. Rae1 Qf7 20. Ne3 f5 21. Nc4 f4 22. Na5 d5 23. b4 g4 24. Rxe8+ Rxe8 25. Qxf4 Qg6 26. d3 Kb8 27. hxg4 Nxg4 28. Qf7 Qxf7 29. Rxf7 Bh6 30. Kf1 Ne3+ 31. Ke2 Nxc2+ 32. Kd1 Nxb4 33. Bc3 Nxd3 34. Nb3 Nf4 35. Rf6 Bg5 36. Rf5 Rg8 37. Bd2 Nxg2 38. Bxg5 h4 39. Ke2 h3 40. Kf2 b6 41. Kg3 Ne3 42. Re5 Nf1+ 43. Kxh3 Rh8+ 44. Kg4 Nh2+ 45. Kg3 Kb7 46. Bf4 Nf1+ 47. Kf2 Nh2 48. Bxh2 Rxh2+ 49. Kf3 Rh3+ 50. Kf4 Rxb3 51. Rxd5 Rb4 52. a5 Rc4 53. axb6 axb6 54. Ke4 Ka6 55. Kd3 Ra4 56. Rd8 c6 57. Ra8+ Kb5 58. Rc8 Ra3+ 59. Ke4 Ra4 60. Kd3 Rb4 61. Rg8 Rb3+ 62. Ke4 Rb1 63. Rg2 Re1+ 64. Kd3 Rd1+ 65. Kc3 Rc1+ 66. Kd3 Rb1 67. Rc2 c5 68. dxc5 bxc5 69. Rh2 Rb3+ 70. Kc2 Ra3 71. Rh4 c4 72. Rg4 Kb4 73. Rg8 Rh3 74. Rb8+ Kc5 75. Rc8+ Kb5 76. Rb8+ Kc5 77. Rc8+ Kb4 78. Rb8+ Kc5 1/2-1/2

[Event "Titled Tuesday intern op 26th Dec Late"]
[Site "Chess.com INT"]
[Date "2023.12.26"]
[Round "5"]
[White "Mohammad, Fahim"]
[Black "Dobrijevic, Milan"]
[Result "0-1"]
[WhiteElo "2190"]
[BlackElo "2208"]
[PlyCount "64"]
[EventDate "2023.12.26"]
[EventType "swiss (blitz)"]
[EventRounds "11"]
[EventCountry "USA"]
[SourceTitle "EXT 2025"]
[Source "ChessBase"]
[SourceDate "2024.10.14"]
[SourceVersion "1"]
[SourceVersionDate "2024.10.14"]
[SourceQuality "1"]

1. d4 Nf6 2. Nf3 g6 3. c4 Bg7 4. Nc3 d5 5. cxd5 Nxd5 6. e4 Nxc3 7. bxc3 c5 8. h3 0-0 9. Be2 Qa5 10. Bd2 Nc6 11. 0-0 Rd8 12. d5 Ne5 13. Nxe5 Bxe5 14. c4 Qa3 15. Rc1 Qxa2 16. f4 Bd4+ 17. Kh1 Qa3 18. Rf3 Qa6 19. f5 Qd6 20. Qe1 a5 21. Qh4 Bf6 22. Qh6 Bg7 23. Qh4 a4 24. Rcf1 Rf8 25. Bg5 f6 26. fxg6 hxg6 27. Bh6 a3 28. Rg3 g5 29. Bxg5 fxg5 30. Rxf8+ Kxf8 31. Rxg5 a2 32. Qh7 a1Q+ 0-1

[Event "Titled Tuesday intern op 26th Dec Late"]
[Site "Chess.com INT"]
[Date "2023.12.26"]
[Round "9"]
[White "Mohammad, Fahim"]
[Black "Mazurkiewicz, Michal"]
[Result "1-0"]
[WhiteElo "2190"]
[BlackElo "2145"]
[PlyCount "115"]
[EventDate "2023.12.26"]
[EventType "swiss (blitz)"]
[EventRounds "11"]
[EventCountry "USA"]
[SourceTitle "EXT 2025"]
[Source "ChessBase"]
[SourceDate "2024.10.14"]
[SourceVersion "1"]
[SourceVersionDate "2024.10.14"]
[SourceQuality "1"]

1. d4 Nf6 2. Nf3 g6 3. c4 Bg7 4. Nc3 0-0 5. e4 d6 6. Be2 e5 7. Be3 Nc6 8. d5 Ne7 9. Nd2 Nd7 10. Rc1 f5 11. f3 f4 12. Bf2 g5 13. b4 Rf6 14. c5 a6 15. Nc4 Qe8 16. a4 h5 17. a5 Qg6 18. Na4 g4 19. h3 g3 20. Bg1 Bf8 21. cxd6 cxd6 22. Ncb6 Rb8 23. Rxc8 Nxc8 24. Nxd7 Ra8 25. Nxf6+ Qxf6 26. Nb6 Nxb6 27. Bxb6 Rc8 28. 0-0 Qf7 29. Qd2 Qd7 30. Rc1 Be7 31. Bd3 Kf8 32. Rxc8+ Qxc8 33. Qc2 Qd7 34. Qc7 Ke8 35. Qxd7+ Kxd7 36. Kf1 h4 37. Ke2 Kc8 38. Kd2 Kd7 39. Kc3 Kc8 40. b5 axb5 41. Bxb5 Bd8 42. Bxd8 Kxd8 43. Kc4 Kc7 44. Be8 Kb8 45. Kb5 Ka7 46. Bf7 Kb8 47. Kb6 Kc8 48. a6 Kb8 49. Be6 bxa6 50. Kxa6 Kc7 51. Ka7 Kd8 52. Kb7 Ke7 53. Kc7 Kf6 54. Kxd6 Kg5 55. Kxe5 Kh5 56. Kxf4 Kh6 57. Kg4 Kg6 58. Kxh4 1-0

[Event "Titled Tuesday intern op 05th Dec Late"]
[Site "Chess.com INT"]
[Date "2023.12.05"]
[Round "10"]
[White "Antunes, Luciano Justi"]
[Black "Mohammad, Fahim"]
[Result "0-1"]
[WhiteElo "2045"]
[BlackElo "2190"]
[PlyCount "106"]
[EventDate "2023.12.05"]
[EventType "swiss (blitz)"]
[EventRounds "11"]
[EventCountry "USA"]
[SourceTitle "EXT 2025"]
[Source "ChessBase"]
[SourceDate "2024.10.14"]
[SourceVersion "1"]
[SourceVersionDate "2024.10.14"]
[SourceQuality "1"]

1. e4 c5 2. Nf3 e6 3. d3 Nc6 4. Nbd2 g6 5. g3 Bg7 6. Bg2 Nge7 7. 0-0 d5 8. Re1 b6 9. e5 Qc7 10. Qe2 h6 11. c3 g5 12. h3 Ng6 13. d4 cxd4 14. cxd4 a5 15. b3 Ba6 16. Qd1 Nb4 17. Ba3 0-0 18. Rc1 Qd7 19. Re3 Rfc8 20. Rec3 Rxc3 21. Rxc3 Nxa2 22. Rc2 Nb4 23. Bxb4 axb4 24. Qc1 Rc8 25. Kh2 Ne7 26. Bf1 Bxf1 27. Nxf1 Rxc2 28. Qxc2 Qb5 29. Ne3 Qa5 30. Kg2 Qa3 31. g4 Ng6 32. Kg3 Qa1 33. Ng2 Qc3 34. Qxc3 bxc3 35. Ne3 Nf4 36. Nc2 Ne2+ 37. Kg2 Nc1 38. b4 Bf8 39. Nfe1 Kg7 40. f3 f6 41. exf6+ Kxf6 42. Kf2 e5 43. dxe5+ Kxe5 44. Ke3 d4+ 45. Nxd4 Kd5 46. Nf5 Kc4 47. Nc2 Bxb4 48. Nxh6 Bc5+ 49. Ke4 b5 50. Nf7 b4 51. Nxg5 b3 52. Ne3+ Bxe3 53. Kxe3 b2 0-1

[Event "Titled Tuesday intern op 05th Dec Late"]
[Site "Chess.com INT"]
[Date "2023.12.05"]
[Round "3"]
[White "Mohammad, Fahim"]
[Black "Estrada Nieto, Julian"]
[Result "0-1"]
[WhiteElo "2190"]
[BlackElo "2212"]
[PlyCount "36"]
[EventDate "2023.12.05"]
[EventType "swiss (blitz)"]
[EventRounds "11"]
[EventCountry "USA"]
[SourceTitle "EXT 2025"]
[Source "ChessBase"]
[SourceDate "2024.10.14"]
[SourceVersion "1"]
[SourceVersionDate "2024.10.14"]
[SourceQuality "1"]

1. d4 d5 2. c4 dxc4 3. Nf3 Nf6 4. e3 e6 5. Bxc4 a6 6. 0-0 c5 7. Qe2 Nc6 8. Rd1 Qc7 9. a3 b5 10. Ba2 Bb7 11. Nc3 Rd8 12. d5 exd5 13. Nxd5 Nxd5 14. Bxd5 Bd6 15. b3 0-0 16. Bb2 Nd4 17. Nxd4 Bxd5 18. Nxb5 axb5 0-1

[Event "Titled Tuesday intern op 05th Dec Late"]
[Site "Chess.com INT"]
[Date "2023.12.05"]
[Round "4"]
[White "Mohammad, Fahim"]
[Black "Ventura Bolet, Maxim"]
[Result "0-1"]
[WhiteElo "2190"]
[BlackElo "2233"]
[PlyCount "40"]
[EventDate "2023.12.05"]
[EventType "swiss (blitz)"]
[EventRounds "11"]
[EventCountry "USA"]
[SourceTitle "EXT 2025"]
[Source "ChessBase"]
[SourceDate "2024.10.14"]
[SourceVersion "1"]
[SourceVersionDate "2024.10.14"]
[SourceQuality "1"]

1. d4 Nf6 2. Nf3 g6 3. c4 d6 4. Nc3 Nbd7 5. e4 e5 6. Be2 Bg7 7. Be3 0-0 8. d5 a5 9. h3 Nc5 10. Nd2 b6 11. b3 Ne8 12. a3 f5 13. f3 Bh6 14. Bf2 a4 15. Nxa4 b5 16. Nxc5 dxc5 17. Bxc5 Nd6 18. Qc2 bxc4 19. Nxc4 fxe4 20. Qxe4 Nxe4 0-1

[Event "Metz 4th"]
[Site "Metz"]
[Date "2018.07.23"]
[Round "1"]
[White "Mohammad, Fahim"]
[Black "Harutyunyan, Ruben"]
[Result "0-1"]
[WhiteElo "2383"]
[BlackElo "2303"]
[PlyCount "92"]
[EventDate "2018.07.23"]
[EventType "tourn"]
[EventRounds "9"]
[EventCountry "FRA"]
[EventCategory "4"]
[SourceTitle "CBM 185 Extra"]
[Source "ChessBase"]
[SourceDate "2018.07.29"]
[SourceVersion "1"]
[SourceVersionDate "2018.07.29"]
[SourceQuality "1"]

1. c4 c6 2. Nf3 d5 3. e3 Nf6 4. b3 Bg4 5. Bb2 e6 6. Be2 Nbd7 7. 0-0 Bd6 8. d4 Ne4 9. Ne5 Bxe2 10. Qxe2 Nxe5 11. dxe5 Be7 12. f3 Nc5 13. Nd2 0-0 14. Rad1 Qb6 15. Bd4 Qa6 16. a4 dxc4 17. Bxc5 Bxc5 18. Nxc4 Rad8 19. Kh1 Rd5 20. e4 Rd4 21. f4 Rfd8 22. f5 Rxd1 23. Rxd1 Rxd1+ 24. Qxd1 b5 25. Nd6 bxa4 26. bxa4 Bd4 27. h3 Bxe5 28. Nc4 Bf6 29. Qb3 h6 30. fxe6 fxe6 31. e5 Be7 32. Qb8+ Bf8 33. Qb3 Qc8 34. a5 Qd7 35. a6 Qd5 36. Qc2 Bc5 37. Qe2 Qd4 38. Qf1 h5 39. g3 Qe4+ 40. Kh2 Qc2+ 41. Kh1 Bf2 42. Nd6 Qa2 43. Qg2 Qa1+ 44. Kh2 Qe1 45. Ne4 Bd4 46. Qf3 Qg1# 0-1

[Event "FRA-ch U18 "]
[Site "Agen"]
[Date "2018.04.20"]
[Round "7"]
[White "Mohammad, Fahim"]
[Black "Willems, Niels"]
[Result "1-0"]
[WhiteElo "2355"]
[BlackElo "2256"]
[PlyCount "83"]
[EventDate "2018.04.15"]
[EventType "swiss"]
[EventRounds "9"]
[EventCountry "FRA"]
[SourceTitle "EXT 2019"]
[Source "ChessBase"]
[SourceDate "2018.10.10"]
[SourceVersion "1"]
[SourceVersionDate "2018.10.10"]
[SourceQuality "1"]

1. g3 g6 2. Bg2 Bg7 3. Nf3 c5 4. 0-0 Nc6 5. d3 e5 6. Nc3 d6 7. h3 Nge7 8. e3 0-0 9. a3 h6 10. Rb1 f5 11. Ne2 Be6 12. Nd2 d5 13. b4 cxb4 14. axb4 Rc8 15. b5 Na5 16. Ba3 Re8 17. Bb4 b6 18. Ra1 Qd7 19. Bxa5 bxa5 20. Rxa5 Rc5 21. Qb1 Rb8 22. Qa2 Nc8 23. Rb1 Rcxb5 24. Raxb5 Rxb5 25. Rxb5 Qxb5 26. Nc3 Qc5 27. Bxd5 Bxd5 28. Nxd5 Kh7 29. c4 Ne7 30. Nb3 Qd6 31. Nxe7 Qxe7 32. c5 Qd7 33. Qc2 f4 34. Kh2 fxe3 35. fxe3 h5 36. c6 Qc7 37. h4 Bf6 38. Qc4 Bd8 39. Nc5 Qxc6 40. Qf7+ Kh6 41. Ne6 Qc2+ 42. Kh3 1-0

[Event "FRA-ch U18 "]
[Site "Agen"]
[Date "2018.04.19"]
[Round "6"]
[White "Burri, Quentin"]
[Black "Mohammad, Fahim"]
[Result "1-0"]
[WhiteElo "2405"]
[BlackElo "2355"]
[PlyCount "51"]
[EventDate "2018.04.15"]
[EventType "swiss"]
[EventRounds "9"]
[EventCountry "FRA"]
[SourceTitle "EXT 2019"]
[Source "ChessBase"]
[SourceDate "2018.10.10"]
[SourceVersion "1"]
[SourceVersionDate "2018.10.10"]
[SourceQuality "1"]

1. e4 c5 2. Nf3 e6 3. Be2 Nc6 4. 0-0 d5 5. exd5 exd5 6. d4 Bd6 7. Be3 cxd4 8. Bxd4 Nge7 9. Bxg7 Rg8 10. Bf6 Bh3 11. Ne1 Qd7 12. Bh4 Nf5 13. Bg3 Nxg3 14. fxg3 Bc5+ 15. Kh1 Be6 16. Nd3 Bb6 17. Nc3 0-0-0 18. Bf3 Kb8 19. Nf4 Ne7 20. Qe2 Rde8 21. Qb5 Qc7 22. Ncxd5 Nxd5 23. Bxd5 Bd7 24. Qc4 Qe5 25. Nd3 Qg5 26. Bxf7 1-0

[Event "FRA-ch U18 "]
[Site "Agen"]
[Date "2018.04.18"]
[Round "5"]
[White "Laurent Paoli, Pierre"]
[Black "Mohammad, Fahim"]
[Result "0-1"]
[WhiteElo "2355"]
[BlackElo "2355"]
[PlyCount "92"]
[EventDate "2018.04.15"]
[EventType "swiss"]
[EventRounds "9"]
[EventCountry "FRA"]
[SourceTitle "EXT 2019"]
[Source "ChessBase"]
[SourceDate "2018.10.10"]
[SourceVersion "1"]
[SourceVersionDate "2018.10.10"]
[SourceQuality "1"]

1. d4 d5 2. c4 dxc4 3. Nf3 a6 4. e3 b5 5. a4 Bb7 6. b3 e6 7. bxc4 bxc4 8. Bxc4 Nf6 9. Nbd2 Nbd7 10. Rb1 Qc8 11. 0-0 c5 12. Ba3 cxd4 13. Bxf8 Nxf8 14. Qb3 dxe3 15. Rfc1 Qd7 16. Ne5 exf2+ 17. Kh1 Bxg2+ 18. Kxg2 Qxd2 19. Qb7 Qg5+ 20. Kh1 Qxe5 21. Qxa8+ Ke7 22. Bf1 Ne4 23. Bd3 Nc5 24. Qf3 Nfd7 25. Bf1 Qd4 26. a5 Rd8 27. Rc4 Qd2 28. Rf4 f5 29. Qxf2 Qxa5 30. Bg2 Qc3 31. Rf3 Qc4 32. Re3 Kf7 33. Rbe1 Nf6 34. Qf1 Qd4 35. Qe2 Rd6 36. Qc2 a5 37. Qc3 a4 38. Qc2 Nce4 39. Qc7+ Rd7 40. Qf4 Qd6 41. Rxe4 fxe4 42. Qh4 a3 43. Rf1 Qe5 44. Qe1 a2 45. Qa1 Qxa1 46. Rxa1 Rb7 0-1

[Event "Wch U16"]
[Site "Khanty-Mansiysk"]
[Date "2016.09.24"]
[Round "3"]
[White "Hilby, Craig"]
[Black "Mohammad, Fahim"]
[Result "1-0"]
[WhiteElo "2319"]
[BlackElo "2090"]
[PlyCount "87"]
[EventDate "2016.09.22"]
[EventType "swiss"]
[EventRounds "11"]
[EventCountry "RUS"]
[SourceTitle "EXT 2017"]
[Source "ChessBase"]
[SourceDate "2016.10.25"]
[SourceVersion "1"]
[SourceVersionDate "2016.10.25"]
[SourceQuality "1"]

1. e4 c5 2. Nf3 e6 3. d4 cxd4 4. Nxd4 Nf6 5. Nc3 Nc6 6. Ndb5 d6 7. Bf4 e5 8. Bg5 a6 9. Na3 b5 10. Bxf6 gxf6 11. Nd5 Bg7 12. Bd3 Ne7 13. Nxe7 Qxe7 14. c4 f5 15. 0-0 0-0 16. Qf3 Qb7 17. exf5 Qxf3 18. gxf3 e4 19. Bxe4 d5 20. Bxd5 Rb8 21. Rab1 Bxf5 22. Be4 Bh3 23. Rfd1 Kh8 24. Kh1 Rg8 25. Rd3 bxc4 26. Nxc4 Be6 27. Bd5 Rgd8 28. Rbd1 Bxd5 29. Rxd5 Rxd5 30. Rxd5 Bxb2 31. Ra5 Bd4 32. Rxa6 Bxf2 33. Kg2 Bc5 34. Rc6 Rg8+ 35. Kh3 Rg5 36. f4 Rd5 37. Ne5 Kg7 38. Rc8 Bf8 39. a4 f6 40. Nc6 Rd3+ 41. Kg4 Kf7 42. a5 Ra3 43. Kf5 Bd6 44. Rd8 1-0

[Event "EU-ch U16 26th"]
[Site "Prague"]
[Date "2016.08.27"]
[Round "9"]
[White "Mohammad, Fahim"]
[Black "Liska, Jiri2"]
[Result "0-1"]
[WhiteElo "2260"]
[BlackElo "2116"]
[PlyCount "62"]
[EventDate "2016.08.18"]
[EventType "swiss"]
[EventRounds "9"]
[EventCountry "CZE"]
[SourceTitle "CBM 174 Extra"]
[Source "ChessBase"]
[SourceDate "2016.10.10"]
[SourceVersion "1"]
[SourceVersionDate "2016.10.10"]
[SourceQuality "1"]

1. d4 Nf6 2. Nf3 g6 3. c4 Bg7 4. Nc3 d5 5. cxd5 Nxd5 6. e4 Nxc3 7. bxc3 c5 8. Be3 Nc6 9. Be2 0-0 10. 0-0 cxd4 11. cxd4 Bg4 12. d5 Nb4 13. Nd4 Bxe2 14. Qxe2 Rc8 15. Rab1 Qa5 16. Rb2 Qa4 17. Rfb1 a5 18. Rd2 Bxd4 19. Bxd4 Nc2 20. Be5 e6 21. Bb2 Rc4 22. e5 f5 23. exf6 Re4 24. Qd3 Rc8 25. Rc1 Qc4 26. Rdxc2 Qxc2 27. h3 Re1+ 28. Kh2 Rxc1 29. Qd4 Qc7+ 30. g3 Rc2 31. d6 Qxd6 0-1

[Event "EU-ch U16 26th"]
[Site "Prague"]
[Date "2016.08.25"]
[Round "7"]
[White "Mohammad, Fahim"]
[Black "Shafi, Declan"]
[Result "1-0"]
[WhiteElo "2260"]
[BlackElo "2078"]
[PlyCount "81"]
[EventDate "2016.08.18"]
[EventType "swiss"]
[EventRounds "9"]
[EventCountry "CZE"]
[SourceTitle "CBM 174 Extra"]
[Source "ChessBase"]
[SourceDate "2016.10.10"]
[SourceVersion "1"]
[SourceVersionDate "2016.10.10"]
[SourceQuality "1"]

1. d4 Nf6 2. Nf3 g6 3. c4 Bg7 4. Nc3 d5 5. cxd5 Nxd5 6. e4 Nxc3 7. bxc3 c5 8. h3 0-0 9. Be2 Nc6 10. Be3 Qa5 11. Bd2 Qa3 12. d5 Ne5 13. Nxe5 Bxe5 14. Qc2 e6 15. f4 Bg7 16. dxe6 Bxe6 17. f5 Bd7 18. 0-0 Ba4 19. Qb1 Bxc3 20. Bh6 Bg7 21. Bxg7 Qe3+ 22. Rf2 Kxg7 23. Qxb7 Rfb8 24. Qc7 Qd4 25. Raf1 Rd8 26. Qf4 Rd7 27. Bg4 Rb7 28. Kh1 Re8 29. f6+ Kh8 30. Qh6 Rg8 31. Rf4 Qe3 32. Qg5 Rb2 33. Be6 Be8 34. Bc4 Qd2 35. Kh2 Qe3 36. R1f3 Qc1 37. Bd5 Rd2 38. Rh4 Rd1 39. Re3 Rh1+ 40. Kg3 Rf1 41. Qh6 1-0

[Event "EU-ch U16 26th"]
[Site "Prague"]
[Date "2016.08.24"]
[Round "6"]
[White "Mohammad, Fahim"]
[Black "Danek, Daniel"]
[Result "0-1"]
[WhiteElo "2260"]
[BlackElo "1970"]
[PlyCount "118"]
[EventDate "2016.08.18"]
[EventType "swiss"]
[EventRounds "9"]
[EventCountry "CZE"]
[SourceTitle "CBM 174 Extra"]
[Source "ChessBase"]
[SourceDate "2016.10.10"]
[SourceVersion "1"]
[SourceVersionDate "2016.10.10"]
[SourceQuality "1"]

1. d4 Nf6 2. Nf3 g6 3. c4 Bg7 4. Nc3 d5 5. cxd5 Nxd5 6. e4 Nxc3 7. bxc3 c5 8. h3 Nc6 9. Be3 Qa5 10. Bd2 0-0 11. Be2 Qc7 12. Rc1 Na5 13. 0-0 b6 14. Be3 Be6 15. d5 Rad8 16. c4 Bc8 17. Qc2 e5 18. Nd2 Nb7 19. a4 Rde8 20. Nb3 Nd6 21. a5 f5 22. f3 Qe7 23. axb6 axb6 24. Rb1 Qh4 25. Bf2 Qg5 26. Qd2 Qd8 27. Qc2 fxe4 28. fxe4 Bh6 29. Nc1 Rf6 30. Rb3 Ref8 31. Bg3 Rxf1+ 32. Bxf1 Qg5 33. Ne2 Ba6 34. Bf2 Nxc4 35. Ng3 b5 36. Bxc4 bxc4 37. Ra3 Bb5 38. Bxc5 Rc8 39. Bf2 Qd2 40. Qb1 c3 41. Rxc3 Qxc3 42. Qxb5 Be3 43. Bxe3 Qxe3+ 44. Kh2 Qf4 45. Qb3 Qf6 46. Qa3 Rf8 47. Qc5 h5 48. Ne2 Kg7 49. Qc3 Qg5 50. Qc5 Rf7 51. d6 Qf6 52. Qc6 g5 53. Ng3 Qf4 54. Kg1 Qxg3 55. d7 Rf2 56. Qf6+ Rxf6 57. d8Q Qe3+ 58. Kh2 Qf4+ 59. Kg1 g4 0-1

[Event "EU-ch U16 26th"]
[Site "Prague"]
[Date "2016.08.18"]
[Round "1"]
[White "Mohammad, Fahim"]
[Black "Birkisson, Bjorn Holm"]
[Result "1-0"]
[WhiteElo "2260"]
[BlackElo "1908"]
[PlyCount "45"]
[EventDate "2016.08.18"]
[EventType "swiss"]
[EventRounds "9"]
[EventCountry "CZE"]
[SourceTitle "CBM 174 Extra"]
[Source "ChessBase"]
[SourceDate "2016.10.10"]
[SourceVersion "1"]
[SourceVersionDate "2016.10.10"]
[SourceQuality "1"]

1. d4 Nf6 2. Nf3 e6 3. c4 b6 4. g3 Ba6 5. Qc2 c5 6. d5 exd5 7. cxd5 Bb7 8. Bg2 Nxd5 9. 0-0 Nc6 10. Rd1 Be7 11. Qf5 Nf6 12. e4 Nb4 13. Nc3 g6 14. Qf4 Qb8 15. e5 Nfd5 16. Qh6 Bf8 17. Qh3 Qc8 18. Ne4 Qc6 19. Bg5 Be7 20. a3 Na6 21. Bxe7 Kxe7 22. Qh4+ Kf8 23. Nd6 1-0

[Event "FRA-ch U16"]
[Site "Gonfreville"]
[Date "2016.04.14"]
[Round "6"]
[White "Laurent Paoli, Pierre"]
[Black "Mohammad, Fahim"]
[Result "1-0"]
[WhiteElo "2315"]
[BlackElo "2197"]
[PlyCount "28"]
[EventDate "2016.04.22"]
[EventType "swiss"]
[EventRounds "9"]
[EventCountry "FRA"]
[SourceTitle "EXT 2022"]
[Source "ChessBase"]
[SourceDate "2021.10.06"]
[SourceVersion "1"]
[SourceVersionDate "2021.10.06"]
[SourceQuality "1"]

1. d4 g6 2. c4 Bg7 3. e4 c5 4. d5 d6 5. Nc3 Qa5 6. Bd2 a6 7. f4 f5 8. Bd3 Nh6 9. Nf3 fxe4 10. Nxe4 Qc7 11. Neg5 0-0 12. Qe2 e5 13. dxe6 Nc6 14. 0-0 Ne7 1-0

[Event "FRA-ch U16"]
[Site "Gonfreville"]
[Date "2016.04.13"]
[Round "5"]
[White "Mohammad, Fahim"]
[Black "Willems, Niels"]
[Result "1-0"]
[WhiteElo "2197"]
[BlackElo "2077"]
[PlyCount "63"]
[EventDate "2016.04.22"]
[EventType "swiss"]
[EventRounds "9"]
[EventCountry "FRA"]
[SourceTitle "EXT 2022"]
[Source "ChessBase"]
[SourceDate "2021.10.06"]
[SourceVersion "1"]
[SourceVersionDate "2021.10.06"]
[SourceQuality "1"]

1. d4 Nf6 2. Nf3 g6 3. Nc3 c5 4. d5 Bg7 5. e4 d6 6. Bb5+ Nbd7 7. a4 0-0 8. 0-0 a6 9. Be2 b6 10. h3 Bb7 11. Bf4 h6 12. Re1 Ne8 13. Qd2 Kh7 14. Rad1 Nc7 15. Bc4 b5 16. axb5 Nb6 17. Bf1 axb5 18. Nxb5 Nxb5 19. Bxb5 Na4 20. Bxa4 Rxa4 21. b3 Rb4 22. e5 Qb6 23. exd6 exd6 24. Be3 Ra8 25. h4 Ra2 26. h5 Rxb3 27. hxg6+ fxg6 28. Bxh6 Bxh6 29. Re7+ Bg7 30. Ng5+ Kg8 31. Re8+ Bf8 32. Qf4 1-0